[Event "Stuttgart-ch op-A"]
[Site "Ditzingen"]
[Date "2012.05.18"]
[Round "4"]
[White "Neyman, Igor"]
[Black "Ikonnikov, Vyacheslav"]
[Result "0-1"]
[WhiteElo "2314"]
[BlackElo "2539"]
[Annotator "Gutman,L"]
[PlyCount "60"]
[EventDate "2012.05.17"]
[EventType "swiss"]
[EventRounds "7"]
[EventCountry "GER"]
[SourceTitle "CBM 149"]
[Source "ChessBase"]
[SourceDate "2012.07.17"]
[SourceVersion "1"]
[SourceVersionDate "2012.07.17"]
[SourceQuality "1"]

1. d4 Nf6 2. c4 e6 3. Nc3 Bb4 4. e3 b6 5. Nge2 c5 6. a3 Ba5 7. Rb1 Na6 8. g3
Bb7 9. d5 b5 10. Bg2 bxc4 11. e4 exd5 ({Dies ist genauer als} 11... O-O 12. O-O
d6 13. Bg5 exd5 14. Nxd5 Bxd5 15. Bxf6 Qxf6 16. Qxd5 Rab8 17. Qxc4 Nc7 {
Bluvshtein-Van der Werf, Wijk aan Zee 2011} 18. b4 Bb6 19. Nf4 $14) 12. exd5
O-O 13. O-O d6 14. Qa4 h6 $5 ({Ein neuer Versuch. Bekannt ist} 14... Bxc3 15.
bxc3 Qc8 16. Bg5 Nxd5 17. Rxb7 Qxb7 18. Nf4 Nb6 19. Bxb7 Nxa4 20. Be7 $2 ({
Zum Ausgleich reicht} 20. Nd5 Rae8 21. Bxa6 Re5 22. Ne7+ Kh8 23. f4 {, etwa}
Re4 24. Bb7 Re2 25. Bf3 Ra2 26. f5 f6 27. Bf4 Nxc3 28. Bxd6 Rd8 29. Bxc5 Ne2+
30. Kh1 c3 $11) 20... Nc7 $17 {Lekic-Brkic, Zlatni Rat 2011}) 15. Rd1 {
Zeitverlust.} ({Vorzuziehen war} 15. Qxc4 Re8 16. Be3 Bb6 17. Nb5 Nc7 18. Nxc7
Qxc7 19. Nc3 $11) ({Weniger sinnvoll ist} 15. Nb5 Re8 (15... Bb6 16. Bf4 Ne8
17. Rfe1 Nac7 18. Nec3 Nxb5 19. Qxb5 Rb8 20. Qxc4 $14) 16. Nec3 {, danach war}
Bxc3 17. bxc3 Nxd5 $1 (17... Qd7 18. Qxc4 Rab8 19. Bf4 Bxd5 20. Bxd5 Nxd5 21.
Qxd5 Rxb5 22. Qxd6 Qxd6 23. Bxd6 Rxb1 24. Rxb1 Rd8 $11) 18. Bxd5 Bxd5 19. Qxa6
Qd7 20. Qxd6 Qf5 21. Nc7 Be4 22. f3 Bxb1 23. Nxa8 Qh3 24. Qd2 Rxa8 $15 {
geplant.}) 15... Re8 16. Qxc4 Nc7 17. Be3 Ba6 18. Qh4 ({Vorsichtiger war} 18.
Qa4 Bb6 19. Re1 {auch wenn nach} Rb8 (19... Rxe3 20. fxe3 Qe7 21. Nf4 Re8 22.
Bf3 $11) 20. h3 Qd7 21. Qc2 Re5 $15 {Schwarz am Ruder bleibt.}) 18... Bb6 19.
Rd2 Re5 20. Rbd1 Qe7 21. Nc1 $6 ({Notwendig war} 21. Bf3 Ba5 (21... Rxe3 22.
fxe3 Qxe3+ 23. Kg2 Re8 24. Qf4 $11) 22. Rc2 Qd7 23. Bf4 Ree8 $15) 21... Re8 $6
({Schwarz verpasst} 21... Rxe3 $5 22. fxe3 Qxe3+ 23. Kh1 Ba5 24. N1e2 Nb5 25.
Qf4 Qxf4 26. gxf4 Re8 $15) 22. Bf1 $4 ({Zum Ausgleich reichte} 22. Nd3) 22...
Bxf1 23. Kxf1 Qd7 24. Re2 Rh5 25. Qc4 Qh3+ (25... Rxh2 26. Ke1 Qf5 $19) 26. Ke1
Qxh2 27. Bf4 Rxe2+ 28. N1xe2 Ng4 29. Ne4 Ne5 30. Bxe5 Rxe5 0-1

[Event "GER-ch 75th"]
[Site "Hoeckendorf"]
[Date "2004.02.04"]
[Round "6"]
[White "Graf, Alexander"]
[Black "Kalinitschew, Sergey"]
[Result "1/2-1/2"]
[WhiteElo "2629"]
[BlackElo "2519"]
[Annotator "Gutman,L"]
[PlyCount "43"]
[EventDate "2004.01.30"]
[EventType "swiss"]
[EventRounds "9"]
[EventCountry "GER"]
[SourceTitle "CBM 100"]
[Source "ChessBase"]
[SourceDate "2004.06.01"]
[SourceVersion "1"]
[SourceVersionDate "2004.06.01"]
[SourceQuality "1"]

1. d4 Nf6 2. c4 e6 3. Nc3 Bb4 4. e3 c5 5. Nge2 cxd4 6. exd4 O-O 7. a3 Be7 8.
Nf4 ({V. Korschnoi bevorzugt} 8. g3 d5 9. cxd5 Nxd5 10. Bg2 Nxc3 11. bxc3 Nc6
12. O-O) 8... d6 9. Be2 Nbd7 10. O-O a6 (10... Qc7 11. Be3 a6 12. Rc1 Rd8 13.
b4 b6 14. d5 e5 15. Nd3 Nf8 16. f4 {Gulko- Kiriakov, World Open 2003}) 11. a4 (
11. Be3 $5) 11... b6 12. Bf3 Rb8 13. b3 Re8 14. Re1 Qc7 15. Qd3 Bb7 16. Bd2 Bf8
17. Re2 Rbd8 18. Rae1 Ne5 $1 19. dxe5 dxe5 20. Nfd5 exd5 21. Nxd5 Nxd5 22. cxd5
1/2-1/2

[Event "Odorheiu Secuiesc"]
[Site "Odorheiu Secuiesc"]
[Date "1993.??.??"]
[Round "2"]
[White "Wells, Peter K"]
[Black "Chernin, Alexander"]
[Result "0-1"]
[WhiteElo "2485"]
[BlackElo "2600"]
[Annotator "Hansen,Cu"]
[PlyCount "76"]
[EventDate "1993.05.??"]
[EventType "tourn"]
[EventRounds "11"]
[EventCountry "ROU"]
[EventCategory "12"]
[SourceTitle "CBM 036"]
[Source "ChessBase"]
[SourceDate "1993.10.01"]
[SourceVersion "1"]
[SourceVersionDate "1993.10.01"]
[SourceQuality "1"]

1. d4 Nf6 2. c4 e6 3. Nc3 Bb4 4. e3 c5 5. Nge2 d5 6. a3 Bxc3+ 7. Nxc3 cxd4 8.
exd4 dxc4 9. Bxc4 Nc6 10. Be3 O-O 11. O-O b6 12. Qf3 (12. Qd3 Bb7 13. Rad1 h6)
12... Bb7 13. Qg3 (13. Bd3 Rc8 (13... Rb8 14. Qg3 Ne7 15. Bf4 Rc8 16. Be5 Ng6
17. Rad1 $14 {Beljavsky,A-Andersson,U/Bugojno/1984/}) (13... Qd7 14. Qh3 Ne7
15. Bg5 Ng6 16. Bxf6 gxf6 17. Rad1 Rad8 18. Rfe1 Kg7 $10 {Hansen,Cu-Agdestein,
S/Gausdal zt/1985/}) 14. Rad1 (14. Qh3 Ne7 15. Bg5 Ng6 16. Rad1 h6 17. Bxg6
hxg5 18. Bb1 g6 19. Rfe1 Kg7 20. Qg3 g4 $15 {Garcia Palermo,C-Oll,L/Roma/1990/}
) 14... Rc7 15. Qh3 (15. Qg3 Rd7 16. d5 Nxd5 17. Bg5 f6 18. Nxd5 Rxd5 19. Qh3
fxg5 20. Qxh7+ Kf7 21. Qg6+ Ke7 22. Bc4 Ne5 $17 {Utasi,T-Ricardi,P/Bayamo/1986/
}) 15... Ne7 16. Bg5 (16. Bf4 Rd7 17. Be5 Ng6 18. f4 Nd5 19. Ne4 h6 20. Rde1 f5
21. Bb1 Qh4 22. Qxh4 Nxh4 $15 {Utasi,T-Armas,J/Bayoma/1986/}) 16... Ng6 17. Qg3
$14 {Kasparov,G-Psakhis,L/La Manga (m/6)/1990/}) (13. Qh3 Ne7 14. Rad1 (14. Bd3
Ng6 15. f4 Nd5 16. f5 exf5 17. Nxd5 Bxd5 18. Bxf5 Qh4 $10 {Vaiser,A-Mednis,E/
Palma GMA/1989/}) 14... Nfd5 15. Bg5 (15. Bd3 f5 16. Rfe1 Ng6 17. Bf1 Rc8 18.
Bc1 Qd7 $10 {Garcia Palermo-Rodriguez,Am/La Habana/1986/}) 15... h6 16. Bd3 f5
17. Bc1 Rc8 {Utasi,T-Rodriguez,Am/La Habana/1986/}) 13... Ne7 {/\Nf5} (13...
Nxd4 $2 14. Rad1 $18) 14. Bd3 Ng6 (14... Nf5 15. Bxf5 exf5 16. Bg5 Qxd4 17.
Rad1 Qg4 18. Bxf6 Qxg3 19. fxg3 gxf6 20. Rxf5 $16) (14... Ned5 15. Bh6) 15.
Rad1 {/\Bg5} (15. Bg5 $2 Qxd4) 15... Qb8 (15... Nd5 $5 16. Nxd5 Qxd5 17. Bxg6
hxg6 $10) 16. f4 $6 {ץe3} Nd5 17. Nxd5 (17. Bd2 $15) 17... Bxd5 18. Rc1 $6 (
18. f5 Qxg3 19. hxg3 exf5 20. Bxf5 $15) 18... f5 $17 {ץe3,><e4} (18... Qd6 19.
f5 Qxg3 20. hxg3 exf5 21. Bxf5 $10) 19. h4 Qb7 {/\Rac8} (19... Nh8 $5 {
/\Nf7-d6-e4 / /\Nf7-h6-g4}) 20. Rc3 (20. h5 Ne7 21. h6 Rf7 $17 {/\Kh8 + Rg8})
20... Ne7 (20... Rac8 $5 21. Rxc8 Rxc8 22. h5 Nh8 23. h6 Ng6 (23... g6 24. Qh4
Nf7 $15) 24. hxg7 Rc7 $17) 21. h5 {/\22.h6 g6 ><g7,><f6} h6 22. Re1 Kh8 {
/\Rf8-g8 + g7-g6 ><g2} 23. Kh2 Ng8 $6 (23... Rac8 $1 {/\Ne7-g8-f6 / Rf8-g8 +
g7-g6}) 24. Rec1 $1 {/\Rc7} Rf7 25. Qg6 Raf8 $1 {/\Nf6-g4 + Bxg2 / /\Ne7} (
25... Nf6 {/\Ng4+} 26. Ba6 $1 $13 (26. Rc8+ $2 Rxc8 27. Rxc8+ Qxc8 28. Qxf7
Ng4+ $19) (26. Kg1 $2 Ng4 27. Bd2 Bxg2 $17 (27... Rf6 28. Rc7 $14))) 26. Bf2 $1
$8 Nf6 27. Bh4 Ng4+ 28. Kg1 Bxg2 29. Qxe6 $13 {צf7, צf8} Bh1 (29... Bd5 30.
Qg6 Qb8 (30... Rf6 $2 31. Bxf6 Rxf6 32. Rc8+ Bg8 33. R1c7 $18) 31. Bxf5 $1 Rxf5
32. Rc7 $13) 30. Qe2 {/\Ba6} (30. R1c2 $6 Bd5 $1 (30... Qf3 31. Bc4 $13) 31.
Qg6 Be4 $17 (31... Qb8 32. Bxf5 Rxf5 33. Rc7 $13)) 30... Bd5 {עg1, קh5, קf4,
קd4} 31. Ba6 Qb8 {/\Qxf4 / /\Re8} 32. Qd2 Bb7 $6 (32... b5 33. Rc8 Qb6 34. Qb4
$16) (32... Qe8 $5 {/\Qe4} 33. Re1 (33. Qe1 Be4 $13) 33... Qa4 34. Bf1 $13) 33.
Bc4 $2 (33. Bxb7 $1 Qxb7 34. d5 $13 Rd7 35. d6 b5 36. Be7) 33... Rd7 {/\Qe8xh5}
34. Bb5 Rd5 35. Bc4 Qd6 $1 $17 36. Rd3 (36. Bxd5 $8 Qxd5 37. Rh3 $17) 36... Rc8
{/\b5 -+} (36... g6 $6 37. Re1 $13) 37. Bxd5 $2 Rxc1+ 38. Qxc1 Qxd5 0-1

[Event "Novosibirsk"]
[Site "Novosibirsk"]
[Date "1993.??.??"]
[Round "8"]
[White "Vaisser, Anatoli"]
[Black "Serper, Grigory"]
[Result "1/2-1/2"]
[WhiteElo "2555"]
[BlackElo "2590"]
[Annotator "Hansen,Cu"]
[PlyCount "133"]
[EventDate "1993.06.??"]
[EventType "tourn"]
[EventRounds "11"]
[EventCountry "RUS"]
[EventCategory "14"]
[SourceTitle "CBM 036"]
[Source "ChessBase"]
[SourceDate "1993.10.01"]
[SourceVersion "1"]
[SourceVersionDate "1993.10.01"]
[SourceQuality "1"]

1. d4 Nf6 2. c4 e6 3. Nc3 Bb4 4. e3 c5 5. Nge2 b6 6. a3 Ba5 7. Rb1 Na6 8. Ng3 (
8. g3 Ne4 (8... Bb7 9. d5 b5 10. Bg2 bxc4 11. O-O Bxc3 12. Nxc3 exd5 13. Nxd5
Nxd5 14. Bxd5 Qb6 15. Qf3 Bxd5 16. Qxd5 O-O 17. Qxc4 Qe6 $10 {Gurevich,
M-Rashkovsky,N/USSR/1986/}) 9. Bg2 Bb7 10. d5 Bxc3+ 11. Nxc3 Nxc3 12. bxc3 O-O
13. O-O e5 $10 {Muir,A-Ward,C/BCF-ch/1989/}) (8. Nf4 O-O 9. Bd3 d6 (9... Bb7
10. O-O Bxc3 11. bxc3 Be4 12. f3 Bxd3 13. Nxd3 Qc8 14. Qa4 Nb8 15. e4 Nc6 16.
d5 Na5 17. Bg5 $16 {Groszpeter,A-Gurevich,D/Bourgoin_Jallieu/1982/}) 10. O-O
Bxc3 11. bxc3 Bb7 12. f3 e5 $10 {Groszpeter,A-Adamski,J/Copenhagen op/1989/}) (
8. Bd2 $5) (8. Qa4 $5) 8... Bb7 (8... O-O 9. Bd3 d5 10. cxd5 cxd4 11. exd4
Bxc3+ 12. bxc3 exd5 13. O-O $14 {Nenashev,A-Kaiumov,D/Tashkent/1992/}) 9. Bd3
h5 10. d5 (10. O-O $6 Bxc3 11. bxc3 h4 12. Ne2 h3 $15) 10... exd5 (10... Bxc3+
11. bxc3 h4 12. Ne4 $14 {פa6}) 11. Nf5 (11. cxd5 Nxd5 $17) 11... Qb8 12. cxd5
g6 (12... Nxd5 13. Nxg7+ Kf8 14. Nf5 Bxc3+ 15. bxc3 Nxc3 16. Qb3 Nxb1 17. Qb2
Rg8 18. e4 $16) 13. Ng3 Nxd5 (13... h4 14. Nge4 (14. Qf3 Nxd5 15. Nge4 f5 $17)
14... Nxe4 15. Bxe4 Qe5 16. Bf3 Bxc3+ (16... h3 17. g3 Nc7 18. Bd2) 17. bxc3 h3
(17... c4 18. Qd4 $16) 18. g3 Nc7 19. c4 Qc3+ 20. Qd2 Qxc4 21. Bb2 Rh5 22. e4
$16 (22. Rc1 Rxd5 $17)) 14. Bd2 Nxc3 15. bxc3 Qe5 16. f4 Qe7 17. Qe2 $8 h4 18.
Bxa6 Bxa6 19. Qxa6 hxg3 20. h3 Qe4 21. O-O Bxc3 (21... Rh5 $5 {/\Rd5}) 22. Bxc3
Qxe3+ 23. Kh1 Qxc3 24. Qe2+ Kf8 25. f5 Re8 26. Qg4 gxf5 (26... Qd4 27. Qxg3)
27. Qxf5 Re7 $17 28. Rbd1 {/\Rxd7//\Rd3xg3} Qc4 29. Qf6 (29. Rd3 Qe6) 29... Qh4
(29... Rg8 30. Rde1 $44) 30. Qd6 Qg5 {/\Rxh3+} 31. Rf3 Qe5 32. Qd3 Qe2 (32...
d5 33. Rxg3 d4 $17) 33. Rxg3 Qxd3 34. Rgxd3 Ke8 $19 35. Kh2 Rh6 36. a4 Rhe6 37.
Rg3 d6 38. Rg8+ Kd7 39. Ra8 Kc6 40. h4 Re4 (40... d5 $17) 41. Rc8+ Kd7 42. Rh8
Rxa4 43. h5 f5 (43... Re5 $1) 44. g3 f4 $2 (44... Rae4 {/\} 45. h6 Re8 46. Rh7+
R4e7 $19) 45. g4 Re3 46. Rh6 Ra2+ 47. Kg1 Rg3+ 48. Kf1 Rxg4 49. Rdxd6+ Ke7 $4 (
49... Kc7 50. Rdg6 (50. Rdf6 Kb7 $19) 50... Rxg6 51. hxg6 Ra3 $19) 50. Rhe6+
Kf7 51. Rf6+ Ke7 (51... Kg8 52. h6 $44) 52. h6 $44 Rh2 53. Rfe6+ Kf7 54. Rf6+
Ke7 55. Rfe6+ Kf7 56. Rf6+ Kg8 57. Rd8+ Kh7 58. Rd7+ Kh8 59. Rxa7 {/\Rxa7} (59.
Rd8+ Rg8) 59... b5 60. Rc7 c4 61. Rb6 Rg3 62. Rb8+ Rg8 63. Rbb7 (63. Rxb5 f3
64. Rbb7 Rxh6 65. Rxc4 $10) 63... Rxh6 64. Rxb5 f3 65. Rbc5 Rh1+ 66. Kf2 Rh3
67. Rc8 1/2-1/2

[Event "Kemerovo1"]
[Site "Kemerovo"]
[Date "1995.??.??"]
[Round "7"]
[White "Graf, Alexander"]
[Black "Yudasin, Leonid"]
[Result "0-1"]
[WhiteElo "2585"]
[BlackElo "2630"]
[Annotator "Hecht,H"]
[PlyCount "128"]
[EventDate "1995.08.??"]
[EventType "tourn"]
[EventRounds "11"]
[EventCountry "RUS"]
[EventCategory "12"]
[SourceTitle "CBM 050"]
[Source "ChessBase"]
[SourceDate "1996.02.01"]
[SourceVersion "1"]
[SourceVersionDate "1996.02.01"]
[SourceQuality "1"]

1. d4 Nf6 2. c4 e6 3. Nc3 Bb4 4. e3 c5 5. Nge2 cxd4 6. exd4 d5 7. c5 Ne4 8. Bd2
Nxd2 9. Qxd2 a5 10. a3 Bxc3 11. Nxc3 a4 12. Bd3 Bd7 13. O-O Nc6 14. Bc2 Ne7 15.
Rfe1 b6 16. Qg5 O-O 17. cxb6 Ng6 18. Qxd8 Rfxd8 19. b4 axb3 20. Bxg6 hxg6 21.
Reb1 Rdb8 22. Rxb3 Ra6 23. Rab1 Kf8 24. h4 Ke7 25. Kf1 Kd6 26. Ke2 f6 27. Ke3
Bc6 28. R1b2 Kd7 29. Ne2 Ba4 30. Rc3 Raxb6 31. Rxb6 Rxb6 32. Nf4 Rb1 33. Nd3
Kd6 34. Nc5 Bc6 35. f4 Ra1 36. Kf3 e5 37. fxe5+ fxe5 38. dxe5+ Kxe5 39. Nb3
Rxa3 40. Rxc6 Rxb3+ 41. Kg4 {T-T Motive: sT deckt seitlich den d-Freibauern;
anschließende Aktivierung des sK unter B-Opfer. Bessere weiße Verteidigung(z.B.
51.Tg8!?)? Analyse!} Rb4+ 42. Kg3 (42. Kg5 d4 43. Rxg6 (43. Kxg6 d3 44. Rc1
Rxh4 $19 (44... Rg4+ 45. Kh5 Rxg2 46. Rc5+ $10 {Pattverfolgung!})) 43... d3 44.
Ra6 d2 45. Ra1 Rd4 46. Rd1 Ke4 47. g4 Ke3 48. h5 Ke2 49. Rh1 d1=Q 50. Rxd1 Kxd1
51. Kf5 Rd6 52. g5 Ke2 $19) 42... Kf5 43. Rd6 Rd4 44. Rd7 g5 45. h5 (45. hxg5
g6 46. Kf3 Kxg5 47. Ke3 Re4+ 48. Kf3 Rf4+ 49. Ke3 Rf5 (49... d4+ 50. Rxd4 Rxd4
51. Kxd4 Kf4 52. Kd3 g5 53. Ke2 Kg3 54. Kf1 Kh2 55. g4 $10) 50. Rd6 $13 Kh5 $2
51. g4+ $10) 45... Rd3+ 46. Kf2 Kg4 47. Ke2 Rd4 48. Rxg7 Kxh5 49. Kf3 Rf4+ 50.
Kg3 d4 51. Rh7+ $6 (51. Rg8 $5 Kh6 52. Kh3 {Remis? - Analyse!}) 51... Kg6 52.
Rd7 Kf5 53. Rd5+ Ke4 54. Rxg5 d3 55. Rg8 Rf1 56. Re8+ Kd4 57. Rd8+ Kc3 58. Rc8+
Kb3 59. Rd8 Kc2 60. Kh4 (60. Rc8+ Kd1 61. Kh4 d2 62. g4 Ke2 63. Rd8 d1=Q 64.
Rxd1 Rxd1 65. g5 Rg1 66. Kh5 Kf3 67. Kh6 Kf4 68. g6 Kf5 69. g7 Kf6 $19) 60...
d2 61. g4 d1=Q 62. Rxd1 Rxd1 63. g5 Kd3 64. g6 Rg1 (64... Rg1 65. Kh5 Ke4 66.
Kh6 Kf5 67. g7 Rh1#) 0-1

[Event "Nikolaev zt"]
[Site "Nikolaev"]
[Date "1995.??.??"]
[Round "6"]
[White "Shulman, Yuri"]
[Black "Itkis, Boris"]
[Result "1-0"]
[WhiteElo "2490"]
[BlackElo "2410"]
[Annotator "Hecht,H"]
[PlyCount "133"]
[EventDate "1995.03.??"]
[EventType "swiss"]
[EventRounds "11"]
[EventCountry "UKR"]
[SourceTitle "CBM 047"]
[Source "ChessBase"]
[SourceDate "1995.08.01"]
[SourceVersion "1"]
[SourceVersionDate "1995.08.01"]
[SourceQuality "1"]

1. d4 Nf6 2. c4 e6 3. Nc3 Bb4 4. e3 c5 5. Nge2 b6 6. a3 Ba5 7. g3 Bb7 8. d5 b5
9. Bg2 bxc4 10. e4 O-O 11. O-O d6 12. h3 Bxc3 13. Nxc3 exd5 14. exd5 Nbd7 15.
Bf4 Qb6 16. g4 Qxb2 17. Ne4 Qd4 18. Bxd6 Rfe8 19. Nxc5 Qxd1 20. Rfxd1 Nxc5 21.
Bxc5 Rad8 22. d6 Bxg2 23. Kxg2 Re6 24. Rac1 h5 25. Rxc4 hxg4 26. hxg4 Rd7 27.
f3 Re2+ 28. Kg3 g5 29. Bb4 Kg7 30. Rc7 Kg6 31. Rxd7 Nxd7 32. Rd5 {RB<->RN
Motive: starker wL bei 2 Frei-Bauern, ab Zug 50 T+L+falscher Randbauer} f6 33.
Ra5 Nb6 34. Bc5 Nd5 35. Bf2 Rd2 36. Rxa7 Nf4 37. d7 Ne6 38. Be3 Rd3 39. Bb6 f5
40. Ba5 fxg4 41. Kxg4 Rd4+ 42. Kg3 Kf5 43. Bb4 Rd3 44. Ra5+ Kf6 45. Ra7 Kf5 46.
Be7 g4 47. Ra5+ Kg6 48. d8=Q Nxd8 49. Bxd8 gxf3 (49... Rxd8 50. Kxg4 Rd3 51.
Ra8 Kf6 52. a4 Ra3 53. a5 Kf7 54. a6 Kg7 55. a7 Ra1 56. f4 Ra2 57. f5 Ra6 58.
f6+ $18) 50. Bb6 Kf6 51. Kf2 Ke6 52. Be3 Kd6 53. Kxf3 Kc6 54. Ke4 Rd1 55. Bd4
Rd2 56. Rc5+ Kb7 57. Kd5 Ra2 58. Ra5 Rg2 59. Ra7+ Kb8 60. Re7 Rg6 61. Bc5 Ka8
62. Kc4 Rh6 (62... Rg8 {hartnäckiger, z.B.} 63. Kb5 Rb8+ 64. Ka6 Rb7) 63. Kb5
Rg6 64. Bb6 Rg5+ 65. Ka6 Rg8 66. Ra7+ Kb8 67. Bc7+ 1-0

[Event "FIDE-Wch k.o."]
[Site "Groningen"]
[Date "1997.12.11"]
[Round "2.1"]
[White "Aleksandrov, Aleksej"]
[Black "Hjartarson, Johann"]
[Result "1/2-1/2"]
[WhiteElo "2660"]
[BlackElo "2605"]
[Annotator "Hjartarson,J"]
[PlyCount "122"]
[EventDate "1997.12.09"]
[EventType "k.o."]
[EventRounds "7"]
[EventCountry "NED"]
[SourceTitle "CBM 063"]
[Source "ChessBase"]
[SourceDate "1998.03.26"]
[SourceVersion "1"]
[SourceVersionDate "1998.03.26"]
[SourceQuality "1"]

1. d4 Nf6 2. c4 e6 3. Nc3 Bb4 4. e3 c5 5. Nge2 cxd4 6. exd4 O-O 7. a3 Be7 8. d5
exd5 9. cxd5 Re8 10. d6 Bf8 11. g3 b6 12. Bg2 Nc6 13. b4 Bb7 (13... Rb8 14. O-O
h6 15. Bf4 (15. Nb5 Ba6 16. Nec3 Re5 17. a4 Re6 (17... Nxb4 $15) 18. Nd5 Bxd6
19. Bb2 Be5 20. Bxe5 Rxe5 21. Nxf6+ Qxf6 22. Qxd7 Nxb4 $15 {1-0 Vaisser,
A-Adrian,C/FRA-ch 1996/EXP 54 (29)}) 15... Bb7 16. Nb5 g5 17. Be3 Re6 18. Ned4
Nxd4 19. Nxd4 Rxd6 20. Bxb7 Rxb7 21. Qf3 Qa8 22. Nb5 Rc6 23. Nd4 Rd6 24. Nb5
Rc6 25. Nd4 {1/2-1/2 Khalifman,A-Hansen,C/Munich 1992/CBM 30}) 14. O-O Rb8 (
14... Qb8 $5 15. Nb5 Ba6 (15... Ne5 16. Nc7 Nf3+ 17. Kh1 Rxe2 18. Qxe2 Bxd6 19.
Bxf3 (19. Nxa8 Qxa8 20. Qd1 $16) 19... Qxc7 20. Bxb7 Qxb7+ 21. Kg1 Re8 22. Qd3
$14 {Kharlov Andrei-Van Der Wiel John T H/It (open) 1997/1-0 (75)}) 16. Nec3
Re6 $6 (16... Re5 $1 $13) 17. Bf4 Ne8 $2 (17... Qb7 18. a4 $14) 18. Bd5 Rf6 19.
Re1 Bb7 $2 (19... Bxb5 20. Nxb5 Nxd6 21. Nd4 $16) 20. Ne4 Rf5 21. Ng5 $18 {
1-0 Rosenberg,D-Moskow,E/New York Enhance MCC 1992/EXT 92 (29)}) 15. Nb5 a5 $6
(15... Ba6 $1 16. Nec3 Re5 17. a4 Re6 18. Bg5 h6 19. Bxf6 Rxf6 20. Nd5 Rg6 21.
Qb1 Bb7 22. f4 $6 (22. Nf4 Rf6 23. Nd5 $11) 22... a6 23. f5 Rg4 24. Qd1 Rc4 25.
Na3 Rd4 26. Qe2 Qg5 $1 $15 {1/2-1/2 Gurevich Mikhail-Kengis Edvins/Ch URS 
(select), Lvov (Ukraine) 1984 (30)} (26... Nxb4 27. Ne7+ Kh8 28. Bxb7 Rxb7 29.
Rac1 $44)) 16. Nc7 Re5 (16... Rxe2 17. Qxe2 Bxd6 18. Nb5 Be5 19. Bxc6 dxc6 20.
Qxe5 cxb5 21. Bg5 $18) 17. b5 (17. f4 $5 Bxd6 18. fxe5 Bxe5 19. Rb1 Qxc7 $15) (
17. Bf4 Rf5 $1 (17... Bxd6 $2 18. Qxd6 Rxe2 19. Qd1 Rb2 20. Bc1 Rxb4 21. Bxc6
Bxc6 22. axb4 Qxc7 23. Bf4 $18) 18. Qd3 Rh5) (17. Bb2 Bxd6 18. Qxd6 Rxe2 19.
Bxf6 Qxf6 20. Qxf6 gxf6 21. Nd5 Ne5 $11 (21... Kg7 $2 22. Nxb6 axb4 23. Nxd7
Rd8 24. Nc5 $18)) 17... Na7 (17... Bxd6 $2 18. Qxd6 Rxe2 19. bxc6 dxc6 20.
Qxd8+ Rxd8 21. Be3 $18) 18. Bxb7 Rxb7 19. Bf4 Bxd6 20. Qxd6 Rxe2 21. Rac1 (21.
a4 $1 Nc8 22. Qd3 Qe7 23. Rac1 Qe4 24. Qxe4 Nxe4 $13) 21... Qe7 22. Qxe7 Rxe7
23. Rfe1 (23. a4 $2 Re4 $17) 23... Rxe1+ 24. Rxe1 a4 $1 25. g4 h6 26. f3 Nc8
27. h4 Kh7 28. Bh2 Ra7 (28... h5 $5 29. g5 d6 30. Rc1 Ng8 31. Ne8 Nge7 32. Bxd6
(32. Nxd6 Nxd6 33. Bxd6 Nf5 $15) 32... Nxd6 33. Nxd6 Rd7 34. Nc8 Nxc8 35. Rxc8
Rd3 36. Kf2 Rxa3 37. Rc6 $11) 29. Kf2 d6 30. Na6 (30. Rc1 Nd7 $1 31. Ne8 $140
Nc5 32. Rd1 Rd7 33. Nxd6 Nb7 $17) 30... Rd7 31. Rc1 Na7 32. Nc7 h5 33. g5 Ng8 {
xf5} 34. Ke2 Ne7 35. Bg1 Nac8 36. Kd3 d5 37. Na8 Rb7 38. Bh2 Ra7 (38... Na7 $6
39. Rc7 $1 Rxc7 40. Nxc7 Nf5 41. Bg1 Nxh4 42. Bxb6 Nc8 43. Bc5 Nxf3 44. b6 Nxb6
45. Bxb6 h4 46. Ke3 Nxg5 47. Nxd5 $16) 39. Nc7 Nf5 40. Rc6 (40. Nxd5 Rd7 41.
Ke4 (41. Rxc8 $2 Rxd5+ 42. Kc4 Ne3+ 43. Kb4 Rd4+ 44. Kc3 Rxh4 $17) 41... Ncd6+
42. Bxd6 (42. Ke5 $2 Nxh4 43. Nxb6 Rd8 $19) 42... Nxd6+ 43. Ke3 Nxb5 (43...
Nf5+ $11) 44. Nxb6 Re7+ 45. Kd3 Nxa3 46. Nxa4 Nb5 $11) 40... Nfe7 41. Rc1 Nf5
42. Rc6 Nxh4 43. Nxd5 Ne7 (43... Nxf3 $5 44. Bb8 $1 (44. Rxc8 Nxh2 45. Nxb6 Nf3
$17) (44. Bf4 Ne7 45. Nxe7 Rxe7 46. Rxb6 h4 47. Ra6 h3 48. Rxa4 Kg6 $17) 44...
Rd7 (44... Ra5 45. Rxc8 Rxb5 46. Nc3 Rb3 $11) 45. Rxc8 Rxd5+ 46. Ke4 Rxb5 47.
Kxf3 Rxg5 $15) 44. Nxe7 Rxe7 45. Bd6 Re6 (45... Rb7 $2 46. Ke4 Ng6 47. Rc7 $1
$16) 46. Bc7 Re7 (46... Nxf3 47. Rxe6 fxe6 48. Bxb6 h4 49. Ke3 Ne5 50. Bc7 Nd7
51. b6 Kg6 52. Kf4 h3 53. Kg3 Nc5 $11) (46... Nf5 47. Rxe6 fxe6 48. Bxb6 Nd6
49. Kc3 Nxb5+ 50. Kb4 Nd6 51. Kxa4 h4 52. Kb4 h3 53. Bg1 Kg6 54. a4 Kxg5 55. a5
Nc8 56. Bh2 Kf5 57. Kc5 e5 58. a6 e4 59. fxe4+ Kxe4 60. Kc6 Kd4 61. Kb7 Kc5 62.
Kxc8 Kb6 $11) 47. Bxb6 (47. Bd6 $11) 47... Nxf3 48. Rc7 Re1 (48... Re5 $5 49.
Rc5 (49. Bc5 $2 Nxg5 50. b6 Ne6 51. b7 Nxc7 52. b8=Q Rxc5 $19) 49... h4 50.
Rxe5 Nxe5+ 51. Ke4 h3 (51... Nc4 52. Bc7 h3 53. Kf3 Kg6 54. b6 h2 55. Kg2 Na5
56. Bf4 f6 57. gxf6 Kxf6 58. Bxh2 Ke6 $11) 52. Bg1 Nc4 53. Kf3 Nxa3 54. b6 Nc4
55. b7 Ne5+ 56. Kg3 Nc6 57. Bc5 Kg6 58. Be7 $1 $11) (48... Re8 $5 49. Be3 h4
50. b6 h3 51. Bf4 h2 52. Bxh2 Nxh2 53. b7 Rb8 54. Kc4 Nf3 55. Kb5 Nxg5 56. Ka6
Ne4 57. Ka7 $11) 49. Bf2 (49. Be3 $2 h4 50. b6 h3 51. b7 Rb1 $19) 49... Rb1 50.
b6 h4 (50... Nxg5 $6 51. b7 Ne6 52. Rd7 h4 53. Kc2 Rb5 54. Bxh4 $16) 51. Rxf7
$1 Ne5+ $2 (51... Rb3+ $1 52. Ke2 $8 Nxg5 53. Rf4 h3 54. Rxa4 Rb2+ 55. Ke3 (55.
Kf1 Nf3 $19) 55... Rxb6 $17) 52. Kc2 Rxb6 (52... Nxf7 $6 53. Kxb1 h3 54. Bg3
Nd8 55. Kc2 Kg6 56. Kd3 Kxg5 57. Ke4 Kg4 58. Bc7 g5 59. Kd5 Kf5 60. Kc5 Nb7+
61. Kc6 Na5+ 62. Kb5 Nb7 63. Kxa4 $16) 53. Rf4 $1 (53. Rxg7+ $2 Kxg7 54. Bxb6
Nc4 55. Bf2 h3 56. Bg3 Nxa3+ $19) 53... Rc6+ 54. Kd1 Rc4 (54... h3 $1 55. Rh4+
Kg6 56. Rxh3 Kxg5 $15) 55. Rxh4+ Rxh4 56. Bxh4 Nc4 57. Kc2 Nxa3+ 58. Kc3 Nb5+
59. Kb4 a3 60. Bg3 a2 61. Be5 Nd6 1/2-1/2

[Event "Antwerp"]
[Site "Antwerp"]
[Date "1993.??.??"]
[Round "1"]
[White "Hansen, Curt"]
[Black "Winants, Luc"]
[Result "0-1"]
[WhiteElo "2590"]
[BlackElo "2490"]
[Annotator "Horvath,Ta"]
[PlyCount "66"]
[EventDate "1993.08.??"]
[EventType "tourn"]
[EventRounds "9"]
[EventCountry "BEL"]
[EventCategory "13"]
[SourceTitle "CBM 037"]
[Source "ChessBase"]
[SourceDate "1993.12.01"]
[SourceVersion "1"]
[SourceVersionDate "1993.12.01"]
[SourceQuality "1"]

1. d4 Nf6 2. c4 e6 3. Nc3 Bb4 4. e3 c5 5. Nge2 cxd4 6. exd4 O-O 7. a3 Be7 8. d5
exd5 9. cxd5 Bc5 10. b4 (10. Na4 d6 {>= Nxc5} 11. b4 $2 b5 $1 12. bxc5 (12.
Nac3 Bb6 13. Nxb5 Ba6 14. a4 Bxb5 15. axb5 Ng4 16. Nd4 Nxf2 $1 $19) 12... bxa4
13. c6 Qa5+ $17) 10... Bb6 11. Na4 d6 (11... Re8 12. Nxb6 axb6 13. d6 Ne4 14.
Bb2 b5 15. Qd4 Qg5 16. f3 $1 (16. h4 $2 Qh6 {0-1/Davidovic-Maksimovic/Nis/1985}
) 16... Nc6 17. Qxg7+ Qxg7 18. Bxg7 Kxg7 19. fxe4 Rxe4 20. Kd2 {Kastek-Horvath,
T/Harkany/1986} Rxb4 $1 21. Ng3 Rb3 $17) 12. Nxb6 axb6 13. Ng3 (13. Nc3 Bf5 14.
Be2 Ne4 15. Nxe4 Bxe4 16. O-O Qf6 17. Ra2 Qg6 18. f3 Bb1 19. Rd2 Nd7 20. Bb2
Bf5 21. Qe1 $16 {Gligoric-Nikolic,P/Jugoslavia/1984/Inf.37/615}) 13... Qe7+ $1
(13... Re8+ 14. Be2 Re5 15. Bb2 Rxd5 16. Qc1 $16 {Torre-Karpov/London/1984/Inf.
37/616}) 14. Be2 Qe5 15. Be3 Bg4 $1 16. Bd4 (16. Bxg4 Nxg4 17. O-O Nxe3 18.
fxe3 Qxe3+ 19. Kh1 Rxa3 20. Nf5 Rxa1 21. Qxa1 Qe5 $17) 16... Bxe2 17. Nxe2 Qxd5
18. Bxf6 Qxd1+ 19. Rxd1 gxf6 20. O-O Rd8 21. Rd3 Nc6 22. Rfd1 Ne5 23. Rxd6 Rxd6
24. Rxd6 Nc4 25. Rxf6 Rxa3 26. g4 Rb3 27. Rf4 (27. Nd4 Rxb4 28. Nf5 Ne5 29.
Nh6+ Kg7 30. g5 $44) 27... Rxb4 28. Ng3 Rb1+ 29. Kg2 Ne5 30. g5 Kf8 31. Rh4 (
31. Nf5 {/\ Rd4}) 31... Rg1+ 32. Kh3 Nf3 33. Rb4 Nxg5+ $138 0-1